00342nam a22001217a 450000500170000002000220001703500230003903700130006210000200007524500550009526000460015030000240019620180814123046.0 a8124600775c00.00 aA-935226, A-935228 aDPLbENG aIyengar, T.R.R. aHinduism and scientific quest /cby T.R.R. Iyengar aNew DelhibD.K. Printworld (P) Ltd.c1997 avii, 284p.c20 cms.